The Book of Malaysia leaders : political,goverment,corporate.
| Format: | Book |
|---|---|
| Published: |
[Petaling Jaya,Selangor]:
Axos Media Group,
2010.
|
| Subjects: |
| LEADER | 00495cam a2200145 7i4500 | ||
|---|---|---|---|
| 001 | 0000025592 | ||
| 005 | 20110105090000.0 | ||
| 020 | 0 | 0 | |a 9789834394806 |
| 090 | 0 | 0 | |a M 658 |b BOO |
| 245 | 0 | 0 | |a The Book of Malaysia leaders : |b political,goverment,corporate. |
| 260 | 0 | 0 | |a [Petaling Jaya,Selangor]: |b Axos Media Group, |c 2010. |
| 300 | # | # | |a 214p. |
| 650 | 0 | 0 | |a Leadership -- |x Malaysia |
| 999 | |a 0000028059 |b Book |c Malaysia |e Business Information Centre | ||
| 999 | |a 0000028058 |b Book |c Malaysia |e Business Information Centre | ||


